Mi primer libro de guitarra: técnica, estudios y obras para una y dos guitarras
محفوظ في:
| المؤلف الرئيسي: | |
|---|---|
| التنسيق: | كتاب |
| اللغة: | الإسبانية |
| منشور في: |
Buenos Aires
Ricordi Americana
1961
|
| الموضوعات: | |
| الوسوم: |
إضافة وسم
لا توجد وسوم, كن أول من يضع وسما على هذه التسجيلة!
|
MARC
| LEADER | 00000nam a2200000 a 4500 | ||
|---|---|---|---|
| 001 | UCN5086 | ||
| 003 | CL-VaPUC | ||
| 008 | 010817e19610000AG |||||||||||||||||spa|d | ||
| 082 | 0 | 4 | |a 787.87193 |b MAR |2 21 |
| 100 | |a Martínez Zárate, Jorge |e autor |9 625357 | ||
| 245 | 1 | 0 | |a Mi primer libro de guitarra: técnica, estudios y obras para una y dos guitarras |
| 300 | |a 69 p | ||
| 942 | |c BK | ||
| 945 | |d 20010817 00:00:00 |a crobeson | ||
| 260 | |a Buenos Aires |b Ricordi Americana |c 1961 | ||
| 650 | 7 | |a GUITARRA - TECNICAS DE EJECUCION |2 CL-VaPUC |9 461172 | |
| 650 | 0 | |a Guitarra, estudio e instrucción |9 331730 | |
| 650 | 7 | |a GUITARRA - EJERCICIOS |2 CL-VaPUC |9 461173 | |
| 650 | 0 | |a Música para guitarra |9 362109 | |
| 583 | |a last modification |c 20010817 00:00:00 |k Rodrigo Vera | ||
| 999 | |c 296835 |d 296833 | ||
| 952 | |0 0 |1 0 |4 0 |6 787_871930000000000_MAR_1961 |7 0 |8 F |9 351029 |a BIBEDU |b BIBEDU |d 2019-11-20 |i 1199749 |o 787.87193 MAR 1961 |p 1199749 |r 2023-11-22 |w 2019-11-20 |y BK_F |k MUS | ||